Wszystkie Programy z Pakietu Office 365 - Statystyki

Ogólne statystyki
  • Ten quiz został rozwiązany 184 razy
  • Średni wynik to 5 z 10
Statystyki odpowiedzi
Pierwsza Litera Odpowiedzi % Poprawnych
W Word
98%
E Excel
96%
P Powerpoint
91%
O Outlook
58%
A Access
42%
O OneNote
30%
P Publisher
18%
O OneDrive
17%
M Microsoft Teams
6%
S SharePoint
4%
Nie znaleziono quizów pasujących do podanych kryteriów
Rozkład punktacji
Procent ludzi z każdym wynikiem
Percentyl według liczby udzielonych odpowiedzi
Twoja historia wyników
Nie rozwiązałeś tego quizu